| 000 | 00832nam a22002297a 4500 | ||
|---|---|---|---|
| 999 |
_c2813 _d2813 |
||
| 003 | OSt | ||
| 005 | 20230823073910.0 | ||
| 008 | 230823b ||||| |||| 00| 0 eng d | ||
| 020 |
_a9781424010424 _cpaperback |
||
| 020 | _a142401042X | ||
| 040 | _cKH8 | ||
| 082 | _a400 WAR | ||
| 100 |
_aWaring, Rob, _eauthor. |
||
| 245 |
_aArctic Whale Danger! / _cRob Waring. |
||
| 260 |
_aUnited State; _bCengage Learning, _c2007. |
||
| 300 |
_a24 pages: _bcolour illustrations, _c20.5x14.7x0.2 cm. |
||
| 520 | _aIn the Arctic Ocean, a baby whale goes too close to land. It cannot get back to the water. A group of whales are trapped by moving ice. They cannot get back to open water. Will the whales find safety before it's too late? | ||
| 650 |
_aAnimal _vWhale |
||
| 650 | _aOcean | ||
| 710 | _aNational Geographic. | ||
| 942 |
_2ddc _cTR |
||